Normal view
MARC view
Entry Personal Name
001 - CONTROL NUMBER
- control field: 43177
003 - CONTROL NUMBER IDENTIFIER
- control field: ARRUPE
005 - DATE AND TIME OF LATEST TRANSACTION
- control field: 20181031095346.0
008 - FIXED-LENGTH DATA ELEMENTS
- fixed length control field: 181031|| aca||aabn | a|a d
040 ## - CATALOGING SOURCE
- Original cataloging agency: ARRUPE
- Transcribing agency: ARRUPE
100 ## - HEADING--PERSONAL NAME
- Personal name: Kingsley, Mary Henrietta,
- Dates associated with a name: 1862-1900.
670 ## - SOURCE DATA FOUND
- Source citation: Work cat.: (ARRUPE)0: Kingsley, Mary Henrietta, 1862-1900., West African studies., [1964]